Normal view
MARC view
- INDUSTRIAL ELECRONICS AND CONTROL
Entry Topical Term
001 - CONTROL NUMBER
- control field: 78888
003 - CONTROL NUMBER IDENTIFIER
- control field: NUST
005 - DATE AND TIME OF LATEST TRANSACTION
- control field: 20210628210310.0
008 - FIXED-LENGTH DATA ELEMENTS
- fixed length control field: 210628|| aca||aabn | a|a d
040 ## - CATALOGING SOURCE
- Original cataloging agency: NUST
- Transcribing agency: NUST
150 ## - HEADING--TOPICAL TERM
- Topical term or geographic name entry element: INDUSTRIAL ELECRONICS AND CONTROL
670 ## - SOURCE DATA FOUND
- Source citation: Work cat.: (NUST): KLOEFFLO, R. G 78887, INDUSTRIAL ELECRONICS AND CONTROL, 1960
